00485nam a22001697a 450000500170000001000150001702000260003203500140005803700090007208200130008110000290009424500660012325000060018926000350019527000590023030000260028920260127150747.0 aENG-147665 a9789354656227c150.00 aEN-131197 bDBAD a641.5636 aChowdhury, Biswaroop Roy aCure in 72 HRS Diabetes Type I & II/cBiswaroop Roy Chowdhury a1 c2022aNew DelhibDiamond Books aX-30,Okhla Industria Area, Phase-IIbNew Delhie110020 c22cm(pb)a121p.bill.